00420nam a22001937a 4500003000500000005001700005008004100022010001000063011001000073035001000083040000900093082002100102100002500123245000900148250001000157260003000167300001800197650001100215CHAP20220329134112.0971013s1955 r 00010 d a15400 a16372 a20451 cCHAP a633.18bG75 195500aGrist, Donald Honey. aRice a2 ed. aLondon :bLongmans,c1955 a33 p.b: ilus14aArroz.